AMC 3 - Statistiques

Statistiques générales
  • Ce quiz a été pris 5 fois
  • Le résultat moyen est 6 sur 15
Statistiques - réponses
Hint Réponse % Correct
gorssesse pregnancy
100%
fondre to melt
80%
un pecheur ( qui comer des pecher ) sinner
60%
permettre to allow
60%
trahi betrayed
40%
un arrêt betrayed
40%
charger load
40%
deployer to deploy
40%
plafoner cap
20%
empecher quelqu'un de prevent (...) from doing
20%
des tonneau ( en voiture ) rollover
20%
réfuter to refuse
20%
saisir to seiz
20%
mettre le doigt sur to spotlight
20%
en cours underway
20%
Aucun quiz correspondant
Distribution des résultats
% des personnes avec chaque résultat
Percentile par nombre de réponses
Votre historique - résultats
Vous n’avez pas pris ce quiz